000 00535nam a22001817a 4500
003 BD-DhUIB
005 20260517175953.0
008 260517b |||||||| |||| 00| 0 eng d
020 _a0198289014
040 _aBD-DhUIB
_cBD-DhUIB
082 _222
100 _aOkazaki Tetsuji and Fujiwara Masahiro Okuno.
_91113
245 _aThe Japanese economic system and its historical origins/
_cby Tetsuji Okazaki and masahiro Okuno.
260 _aNew york.
_cc1999
300 _ax,294p. :
_billus. ;
_c22cm.
526 _aMBA
942 _2ddc
_cBK
999 _c699
_d699